| 000 | 00677nam a2200229 i 4500 | ||
|---|---|---|---|
| 001 | 76947 | ||
| 003 | ES-MaACL | ||
| 005 | 20230906173029.0 | ||
| 007 | t| | ||
| 008 | 041006s1971 sp ||||1| spa d | ||
| 100 | 1 |
_aGurméndez, Carlos ( _d1917-1997) _960986 |
|
| 245 | 1 | 3 |
_aEl tiempo y la dialéctica / _cpor Carlos Gurméndez. |
| 250 | _a[1ª ed.]. | ||
| 260 |
_a[Madrid] : _bSiglo Veintiuno de España, _c[1971] |
||
| 300 |
_a288 p. ; _c18 cm. |
||
| 490 | 1 | _aTeoría y Crítica | |
| 650 | 0 | 4 |
_aTiempo. _917529 |
| 650 | 4 |
_aTiempo- _xEn la literatura. _9169348 |
|
| 830 | 0 |
_aTeoría y Crítica _9125013 |
|
| 852 |
_aES-MaACL _jC-40307 _bR.79751 |
||
| 999 |
_c76947 _d76947 |
||